Tự động hoá với Simatic S7 - 300 /
Nhập môn: Đại số Boole, biểu diễn tín hiệu số, thiết bị điều khiển logic khả trình. Ngôn ngữ lập trình STL. Kỹ thuật lập trình. Hướng dẫn sử dụng STEP7. Điều khiển mờ với S7-300. Module mềm PID.
Na minha lista:
| Autor principal: | |
|---|---|
| Outros Autores: | , |
| Formato: | Livro |
| Idioma: | Vietnamese |
| Publicado em: |
Hà Nội :
Khoa học và kỹ thuật,
2000.
|
| Assuntos: | |
| Tags: |
Adicionar Tag
Sem tags, seja o primeiro a adicionar uma tag!
|
| Thư viện lưu trữ: | Mạng thư viện Đại học Đà Nẵng |
|---|
| LEADER | 01252cam a2200385 a 4500 | ||
|---|---|---|---|
| 001 | 000047013 | ||
| 003 | 6533 | ||
| 005 | 20061109150126.0 | ||
| 008 | 010306b2000 vm 000 vie | ||
| 020 | |c 36000 | ||
| 022 | |a T | ||
| 040 | |a IRC |c IRC |d IRC | ||
| 041 | 0 | |a vie | |
| 082 | 1 | 4 | |a 629.89 |b NG-P |
| 100 | 1 | |a Nguyễn Doãn Phước. | |
| 245 | 1 | 0 | |a Tự động hoá với Simatic S7 - 300 / |c Nguyễn Doãn Phước, Phan Xuân Minh, Vũ Vân Hà. |
| 260 | |a Hà Nội : |b Khoa học và kỹ thuật, |c 2000. | ||
| 300 | |a 226 tr. ; |c 24 cm. | ||
| 520 | 3 | |a Nhập môn: Đại số Boole, biểu diễn tín hiệu số, thiết bị điều khiển logic khả trình. Ngôn ngữ lập trình STL. Kỹ thuật lập trình. Hướng dẫn sử dụng STEP7. Điều khiển mờ với S7-300. Module mềm PID. | |
| 630 | 0 | 4 | |a Tự động hoá. |
| 630 | 0 | 4 | |a Simatic. |
| 650 | 0 | 4 | |a Tự động hoá. |
| 650 | 0 | 4 | |a Simatic S7-300. |
| 700 | 1 | |a Phan Xuân Minh. | |
| 700 | 1 | |a Vũ Vân Hà. | |
| OWN | |a DUT | ||
| 999 | |a From the UDN01 | ||
| TYP | |a Monograph | ||
| TYP | |a Printed language | ||
| 980 | |a Mạng thư viện Đại học Đà Nẵng | ||